Evaluación del tratamiento por licuefacción hidrotérmica del rastrojo de piña para la obtención de un biocrudo
Guardado en:
| Hovedforfatter: | |
|---|---|
| Andre forfattere: | |
| Format: | Bog |
| Sprog: | Spanish |
| Udgivet: |
2020.
San José, Costa Rica
|
| Fag: | |
| Tags: |
Tilføj Tag
Ingen Tags, Vær først til at tagge denne postø!
|
MARC
| LEADER | 00000nam a2200000Ia 4500 | ||
|---|---|---|---|
| 003 | 013333 | ||
| 005 | 20230417110226.0 | ||
| 008 | 140116s2020 cr a 000 ||spa d | ||
| 040 | |c cru CEDI | ||
| 100 | |a Ulate Sancho, Raúl, 1996- |9 42 | ||
| 245 | |a Evaluación del tratamiento por licuefacción hidrotérmica del rastrojo de piña para la obtención de un biocrudo | ||
| 260 | |c San José, Costa Rica |b 2020. | ||
| 500 | |a Proyecto de graduación (licenciatura en ingeniería química)--Universidad de Costa Rica. Facultad de Ingeniería. Escuela de Ingeniería Química | ||
| 501 | |a Director de Proyecto de Graduación: Ing. Esteban Durán Herrera, PhD. | ||
| 650 | |x BIOMASA - COMPOSICION QUIMICA |x CALORIMETRIA |x TERMOGRAVIMETRIA |x CROMATOGRAFIA DE GASES |x LICUEFACCION DE GASES |x LICUEFACCION DE GASES - EVALUACION |x PIÑA - RESIDUOS - PRODUCTOS SECUNDARIOS |x PETROLEO - FABRICACION | ||
| 700 | |a Zürcher Quirós, Carla |d Director del TFG |9 14 | ||
| 942 | |c CEDI |h TFG 8484 |6 TFG_8484_000000000000000 | ||
| 999 | |c 21835 |d 21835 | ||
